Vier Demokratien für Chinas Dörfer?

Saved in:
Bibliographic Details
Main Author: Senz, Anja-Désirée (Author)
Format: Article (Journal)
Language:German
Published: 2008
In: Das neue China
Year: 2008, Volume: 35, Issue: 2, Pages: 19-22
ISSN:0172-4878
Online Access: Get full text
Author Notes:A. Senz

MARC

LEADER 00000caa a2200000 c 4500
001 1671020421
003 DE-627
005 20220816204244.0
007 tu
008 190808s2008 xx ||||| 00| ||ger c
035 |a (DE-627)1671020421 
035 |a (DE-599)KXP1671020421 
035 |a (OCoLC)1341235629 
040 |a DE-627  |b ger  |c DE-627  |e rda 
041 |a ger 
084 |a 16  |2 sdnb 
100 1 |a Senz, Anja-Désirée  |e VerfasserIn  |0 (DE-588)1053266499  |0 (DE-627)789728281  |0 (DE-576)409006297  |4 aut 
245 1 0 |a Vier Demokratien für Chinas Dörfer?  |c A. Senz 
264 1 |c 2008 
300 |a 4 
336 |a Text  |b txt  |2 rdacontent 
337 |a ohne Hilfsmittel zu benutzen  |b n  |2 rdamedia 
338 |a Band  |b nc  |2 rdacarrier 
773 0 8 |i Enthalten in  |t Das neue China  |d Berlin : GDCF, 1974  |g 35(2008), 2, Seite 19-22  |w (DE-627)12943485X  |w (DE-600)193576-8  |w (DE-576)014806401  |x 0172-4878  |7 nnas  |a Vier Demokratien für Chinas Dörfer? 
773 1 8 |g volume:35  |g year:2008  |g number:2  |g pages:19-22  |g extent:4  |a Vier Demokratien für Chinas Dörfer? 
951 |a AR 
992 |a 20190808 
993 |a Article 
994 |a 2008 
998 |g 1053266499  |a Senz, Anja-Désirée  |m 1053266499:Senz, Anja-Désirée  |d 910000  |d 950000  |d 950950  |e 910000PS1053266499  |e 950000PS1053266499  |e 950950PS1053266499  |k 0/910000/  |k 1/910000/950000/  |k 2/910000/950000/950950/  |p 1  |x j  |y j 
999 |a KXP-PPN1671020421  |e 350583209X 
BIB |a Y 
SER |a journal 
JSO |a {"person":[{"given":"Anja-Désirée","display":"Senz, Anja-Désirée","family":"Senz","role":"aut"}],"name":{"displayForm":["A. Senz"]},"origin":[{"dateIssuedKey":"2008","dateIssuedDisp":"2008"}],"language":["ger"],"title":[{"title_sort":"Vier Demokratien für Chinas Dörfer?","title":"Vier Demokratien für Chinas Dörfer?"}],"id":{"eki":["1671020421"]},"type":{"bibl":"article-journal"},"physDesc":[{"extent":"4 S."}],"relHost":[{"part":{"pages":"19-22","year":"2008","volume":"35","extent":"4","issue":"2","text":"35(2008), 2, Seite 19-22"},"disp":"Vier Demokratien für Chinas Dörfer?Das neue China","note":["Beteil. Körp. bis 9.1982,2: Gesellschaft für Deutsch-Chinesische Freundschaft; beteil. Körp. anfangs: Bundesvorstand der Gesellschaft für Deutsch-Chinesische Freundschaft e.V"],"titleAlt":[{"title":"Xin-Zhongguo"}],"language":["ger"],"name":{"displayForm":["Hrsg.: Vorstand der Gesellschaft für Deutsch-Chinesische Freundschaft Berlin e.V."]},"recId":"12943485X","pubHistory":["1.1974 - 4.1977 = Nr. 1-20; 5.1978/79; 6.1979; 7.1980/81; 8.1981 - 41.2014 ; damit Ersch. eingest."],"titleTranslated":[{"translated":"Xin Zhong guo"}],"type":{"bibl":"periodical"},"id":{"issn":["0172-4878"],"zdb":["193576-8"],"eki":["12943485X"]},"title":[{"subtitle":" = Xin Zhong guo","title_sort":"neue China","title":"Das neue China"}],"origin":[{"dateIssuedKey":"1974","publisherPlace":"Berlin ; Berlin ; Dortmund ; Frankfurt, M. ; Dortmund","publisher":"GDCF ; [Verlag nicht ermittelbar] ; Wenz & Antonin ; China-Studien und Verl.-Ges. ; Montania Druck- und Verl.-Ges.","dateIssuedDisp":"1974-2014"}]}],"recId":"1671020421"} 
SRT |a SENZANJADEVIERDEMOKR2008